Liberálna hospodárska politika a jej prejavy v praxi vybraných štátov (USA) bakalárska práca

Salvato in:
Dettagli Bibliografici
Autore principale: Čápová, Monika
Ente Autore: Národohospodárska fakulta EU. Katedra hospodárskej politiky
Altri autori: Havettová, Miroslava
Natura: Libro
Lingua:slovacco
Pubblicazione: Bratislava 2009
Tags: Aggiungi Tag
Nessun Tag, puoi essere il primo ad aggiungerne!!

MARC

LEADER 00000nam$a2200000$$$4500
001 0099035
005 20240319123819.0
041 0 |a slo 
044 |a SK 
245 1 0 |a Liberálna hospodárska politika a jej prejavy v praxi vybraných štátov (USA)  |b bakalárska práca  |c Monika Čápová ; škol. Miroslava Havettová 
264 1 |a Bratislava  |c 2009 
300 |a 42 s. 
100 1 |a Čápová, Monika 
700 1 |a Havettová, Miroslava 
710 2 |a Národohospodárska fakulta EU. Katedra hospodárskej politiky